000 00450cam a22001337a 4500
008 180718b xxu||||| |||| 00| 0 eng d
082 _aF8038x54 Sr38/1
100 _aSrivastava, Balram Lal
245 _aHundred years digest of election cases(from 1864 ro 1964)
_cby Balram Lal Srivastava
260 _aAllahabad
_bCentral Law Agency
_c
300 _av
500 _aContents; v.1.(A-Eletion Commissioner), 200p
650 _aElection law --India --Digests
999 _c426861
_d426861